|
|
|
|
| LEADER |
00941nam a22002177a 4500 |
| 001 |
4098 |
| 003 |
BD-DhAAL |
| 005 |
20130829120914.0 |
| 008 |
130829r19881985bg a b 000 0 eng |
| 040 |
|
|
|a BD-DhAAL
|c BD-DhAAL
|
| 082 |
|
|
|a 305.4/095492
|
| 245 |
0 |
0 |
|a Un decade for women 1976-1985 :
|b situation of women in bangladesh /
|c edited by Quazi Kholiquzzaman Ahmed ... [et al]
|
| 260 |
|
|
|a Dhaka :
|b Government of the People's Republic of Bangladesh ;
|b Ministry of Social Welfare and Women's Affairs,
|c 1985 [repeinted 1988].
|
| 300 |
|
|
|a iv, 322 p. :
|b ill. ;
|c 24 cm.
|
| 504 |
|
|
|6 Includes bibliography at of the end of the each chapter.
|
| 541 |
|
|
|e 4098
|
| 650 |
|
|
|a Women
|z Bangladesh
|9 2837
|
| 700 |
1 |
0 |
|a Ahmed, Qazi Kholiquzzaman.
|9 2838
|
| 942 |
|
|
|2 ddc
|c BK
|
| 999 |
|
|
|c 13903
|d 13903
|
| 952 |
|
|
|0 0
|1 0
|2 ddc
|4 0
|6 305_409549200000000_UND
|7 0
|9 23272
|a BRACUL
|b BRACUL
|c GEN
|d 2013-08-29
|g 0.00
|l 0
|o 305.4095492 UND
|p 3010004098
|r 2013-08-29
|t 1
|w 2013-08-29
|y BK
|